[Event "NATO-ch 32nd"]
[Site "Tartu"]
[Date "2022.07.01"]
[Round "7"]
[White "Steffers, Hendrik"]
[Black "Echavarria Hidalgo, Fernando"]
[Result "1/2-1/2"]
[WhiteElo "1838"]
[BlackElo "1749"]
[PlyCount "165"]
[EventDate "2022.06.27"]
[EventType "swiss"]
[EventRounds "7"]
[EventCountry "EST"]
[SourceTitle "CBM 209 Extra"]
[Source "ChessBase"]
[SourceDate "2022.09.30"]
[SourceVersion "1"]
[SourceVersionDate "2022.09.30"]
[SourceQuality "1"]

1. d4 Nf6 2. Nf3 e6 3. e3 c5 4. Bd3 Nc6 5. c3 cxd4 6. exd4 Be7 7. 0-0 0-0 8. Nbd2 d5 9. Re1 Qc7 10. Ne5 Nxe5 11. dxe5 Nd7 12. f4 Nc5 13. Bc2 g6 14. Nf3 f5 15. exf6 Bxf6 16. Ne5 Qg7 17. Ng4 Bh4 18. g3 Be7 19. Be3 Nd7 20. Bf2 h5 21. Bd4 Bc5 22. Bxc5 Nxc5 23. Ne5 Rf6 24. Qd4 b6 25. Re3 Nb7 26. Qd3 Nc5 27. Qd4 Nb7 28. Rae1 Nd6 29. b3 Nf5 30. Bxf5 Rxf5 31. Nf3 Bd7 32. Qxg7+ Kxg7 33. Nd4 Rf7 34. Nxe6+ Bxe6 35. Rxe6 Rc8 36. R1e3 Kh6 37. Rd6 Rfc7 38. Rxd5 Rxc3 39. Rxc3 Rxc3 40. Rd2 Rc1+ 41. Kf2 Rc5 42. Ke3 Rc7 43. Ke4 Kg7 44. Rg2 Kf6 45. h3 Rc5 46. g4 Ra5 47. Rc2 hxg4 48. hxg4 Kg7 49. Rf2 Rc5 50. Kd4 Kf6 51. a3 Ke6 52. b4 Rc7 53. Re2+ Kd6 54. Re3 Rf7 55. Rf3 Rc7 56. a4 a6 57. Re3 Rf7 58. Re4 Rc7 59. Re8 Rf7 60. Ke4 Rc7 61. Kd3 Rf7 62. Ke3 Kd7 63. Ra8 Kc6 64. Rg8 Re7+ 65. Kf3 Re6 66. f5 gxf5 67. gxf5 Re1 68. Rg6+ Kc7 69. f6 Rf1+ 70. Ke4 Re1+ 71. Kd4 Rd1+ 72. Ke5 Re1+ 73. Kd5 Rd1+ 74. Ke6 Re1+ 75. Kd5 Rd1+ 76. Kc4 Rf1 77. Rg7+ Kd6 78. f7 Rf4+ 79. Kc3 Ke7 80. Rg6 a5 81. bxa5 bxa5 82. Kb3 Rxf7 83. Ra6 1/2-1/2

[Event "NATO-ch 32nd"]
[Site "Tartu"]
[Date "2022.06.27"]
[Round "1"]
[White "Steffers, Hendrik"]
[Black "Pietruszewski, Marcin"]
[Result "0-1"]
[WhiteElo "1838"]
[BlackElo "2195"]
[PlyCount "64"]
[EventDate "2022.06.27"]
[EventType "swiss"]
[EventRounds "7"]
[EventCountry "EST"]
[SourceTitle "CBM 209 Extra"]
[Source "ChessBase"]
[SourceDate "2022.09.30"]
[SourceVersion "1"]
[SourceVersionDate "2022.09.30"]
[SourceQuality "1"]

1. d4 Nf6 2. Nf3 e6 3. e3 b6 4. Bd3 Bb7 5. Nbd2 c5 6. b3 Be7 7. Bb2 0-0 8. 0-0 Nc6 9. a3 Rc8 10. Re1 d6 11. Rc1 Rc7 12. c4 Qa8 13. Qe2 Rfc8 14. dxc5 bxc5 15. e4 e5 16. Nf1 a5 17. Bc2 a4 18. Ne3 axb3 19. Bxb3 Na5 20. Bc2 Bxe4 21. Bxe4 Qxe4 22. Bc3 Qa8 23. Rb1 Nc6 24. Qa2 g6 25. Nd2 Nd4 26. a4 Ra7 27. a5 Bd8 28. Ra1 Rc6 29. f4 Rca6 30. fxe5 Bxa5 31. Rac1 Bxc3 32. Qb1 dxe5 0-1

[Event "NATO-ch 31st"]
[Site "Blankenberge"]
[Date "2021.10.15"]
[Round "7.32"]
[White "Voroblievas, Arturas"]
[Black "Steffers, Hendrik"]
[Result "1-0"]
[WhiteElo "1698"]
[BlackElo "1896"]
[PlyCount "53"]
[EventDate "2021.10.11"]
[EventType "team-swiss"]
[EventRounds "7"]
[EventCountry "BEL"]
[SourceTitle "CBM 204 Extra"]
[Source "ChessBase"]
[SourceDate "2021.11.30"]
[SourceVersion "1"]
[SourceVersionDate "2021.11.30"]
[SourceQuality "1"]
[WhiteTeam "Lithuania"]
[BlackTeam "NATO LTM"]
[WhiteTeamCountry "LTU"]

1. e4 c5 2. Nf3 e6 3. d4 cxd4 4. Nxd4 a6 5. Bd3 Qc7 6. Nc3 Bb4 7. Bd2 Nc6 8. Nxc6 dxc6 9. Qg4 Bf8 10. Qe2 e5 11. a4 a5 12. 0-0 Nf6 13. f4 Bc5+ 14. Kh1 Bg4 15. Qe1 Bd7 16. fxe5 Qxe5 17. Bf4 Qh5 18. e5 Nd5 19. Ne4 Nxf4 20. Rxf4 Qh6 21. Rh4 Qe3 22. Nd6+ Ke7 23. Qf1 Bxd6 24. exd6+ Kxd6 25. Re1 Qc5 26. Qf4+ Kd5 27. c4+ 1-0

[Event "NATO-ch 21st"]
[Site "Koge"]
[Date "2010.10.18"]
[Round "1"]
[White "Schott, Guido"]
[Black "Steffers, Hendrik"]
[Result "1-0"]
[WhiteElo "2174"]
[BlackElo "1960"]
[PlyCount "91"]
[EventDate "2010.10.18"]
[EventType "swiss"]
[EventRounds "7"]
[EventCountry "DEN"]
[SourceTitle "EXT 2011"]
[Source "ChessBase"]
[SourceDate "2010.11.26"]
[SourceVersion "1"]
[SourceVersionDate "2010.11.26"]
[SourceQuality "1"]

1. c4 e5 2. Nc3 Nf6 3. g3 d5 4. cxd5 Nxd5 5. Bg2 c6 6. Nf3 Nxc3 7. bxc3 Bd6 8. 0-0 0-0 9. d4 Nd7 10. Qc2 exd4 11. cxd4 f5 12. Ng5 Qe8 13. e4 Nb6 14. a4 h6 15. a5 Nd7 16. Qb3+ Kh8 17. Ne6 Rf7 18. exf5 Rxf5 19. Bf4 Bxf4 20. Nxf4 Nf6 21. Rfe1 Qd8 22. a6 Rb5 23. Qf7 Qg8 24. Qc7 Ne8 25. Qd8 Nf6 26. Ng6+ Kh7 27. Nf8+ Kh8 28. Re7 bxa6 29. Bxc6 Bb7 30. Ng6+ Kh7 31. Qxg8+ Nxg8 32. Rxb7 Rxb7 33. Bxb7 Rd8 34. Rxa6 Rxd4 35. Nf8+ Kh8 36. Rxa7 Nf6 37. Ra8 Rd1+ 38. Kg2 g5 39. Ne6+ Kh7 40. Rf8 Kg6 41. h3 Rd2 42. Rd8 Rb2 43. Bf3 h5 44. Rd6 Kf7 45. Nxg5+ Ke7 46. Re6+ 1-0

[Event "NATO-ch 20th"]
[Site "Hammelburg"]
[Date "2009.06.19"]
[Round "7"]
[White "Bellemare, Regis"]
[Black "Steffers, Hendrik"]
[Result "1-0"]
[WhiteElo "1634"]
[BlackElo "1977"]
[PlyCount "87"]
[EventDate "2009.06.15"]
[EventType "swiss"]
[EventRounds "7"]
[EventCountry "GER"]
[SourceTitle "CBM 130 Extra"]
[Source "ChessBase"]
[SourceDate "2009.07.02"]
[SourceVersion "2"]
[SourceVersionDate "2009.07.15"]
[SourceQuality "1"]

1. e4 c5 2. Nc3 e6 3. g3 d5 4. e5 Nc6 5. f4 a6 6. Nf3 b5 7. d4 Qb6 8. Be3 Nh6 9. Ne2 Ng4 10. Bg1 h5 11. h3 Nh6 12. dxc5 Bxc5 13. Bxc5 Qxc5 14. Ned4 Bb7 15. c3 Rc8 16. Nxc6 Bxc6 17. Qd4 Qe7 18. Bd3 Bb7 19. a3 Nf5 20. Bxf5 exf5 21. 0-0 Rc4 22. Qd3 Re4 23. Nd4 g6 24. Nf3 Qc5+ 25. Kh2 Re3 26. Qd2 h4 27. Nxh4 Re4 28. Nf3 0-0 29. Rae1 a5 30. Nd4 Re8 31. g4 fxg4 32. hxg4 b4 33. axb4 axb4 34. Rf3 Qe7 35. Rh3 bxc3 36. bxc3 Rxe1 37. Qxe1 Ra8 38. e6 Ra2+ 39. Kg1 fxe6 40. Qe5 Qg7 41. Qb8+ Kf7 42. Qxb7+ Kg8 43. Qc8+ Qf8 44. Rh8+ 1-0

[Event "NATO-ch 20th"]
[Site "Hammelburg"]
[Date "2009.06.17"]
[Round "4"]
[White "Eriksson, Christian Altenburg"]
[Black "Steffers, Hendrik"]
[Result "1-0"]
[WhiteElo "2122"]
[BlackElo "1977"]
[PlyCount "125"]
[EventDate "2009.06.15"]
[EventType "swiss"]
[EventRounds "7"]
[EventCountry "GER"]
[SourceTitle "CBM 130 Extra"]
[Source "ChessBase"]
[SourceDate "2009.07.02"]
[SourceVersion "2"]
[SourceVersionDate "2009.07.15"]
[SourceQuality "1"]

1. e4 c5 2. c3 e6 3. d4 Qc7 4. Nf3 d6 5. Bd3 Nc6 6. 0-0 Be7 7. Re1 e5 8. d5 Nb8 9. a4 Nf6 10. Na3 a6 11. Nc4 Bg4 12. h3 Bh5 13. a5 Nbd7 14. Qe2 0-0 15. Kh1 Rae8 16. Rg1 Bxf3 17. Qxf3 Kh8 18. g4 Ng8 19. Bc2 f6 20. Ba4 Rb8 21. Bc2 b5 22. axb6 Nxb6 23. Na5 Ra8 24. Be3 Rfc8 25. Qe2 Nd7 26. Bd3 Nb8 27. h4 Qd7 28. Qf3 Rf8 29. Qg3 Bd8 30. Nc4 Ra7 31. Ra2 Ne7 32. f3 Nc8 33. Rga1 Qb7 34. Qf2 Ra8 35. Kg2 Kg8 36. Qg3 g5 37. Rh1 Rf7 38. hxg5 fxg5 39. Rh6 Qd7 40. Ra1 Bf6 41. Rah1 Qe7 42. Bc1 Nd7 43. Ne3 Nf8 44. Nf5 Qd8 45. R6h5 Kh8 46. Qh2 Raa7 47. Rh6 a5 48. Qh5 a4 49. Bb5 Kg8 50. Rxf6 Qxf6 51. Bxg5 Qg6 52. Nh6+ Kg7 53. Nxf7 Kxf7 54. Bc1 Qxh5 55. Rxh5 Ra5 56. Be2 Ne7 57. Kg3 Neg6 58. Rf5+ Ke8 59. Rf6 Kd7 60. Rf7+ Ke8 61. Rb7 Nd7 62. Bb5 Ngf8 63. Bg5 1-0

[Event "NATO-ch 19th"]
[Site "Brussels"]
[Date "2008.08.06"]
[Round "4"]
[White "Steffers, Hendrik"]
[Black "Ledoux, Jean Luc"]
[Result "1-0"]
[WhiteElo "1966"]
[BlackElo "2102"]
[PlyCount "104"]
[EventDate "2008.08.04"]
[EventType "swiss"]
[EventRounds "7"]
[EventCountry "BEL"]
[SourceTitle "EXT 2015"]
[Source "ChessBase"]
[SourceDate "2014.11.20"]
[SourceVersion "1"]
[SourceVersionDate "2014.11.20"]
[SourceQuality "1"]

1. d4 Nf6 2. Nf3 e6 3. e3 b6 4. Bd3 Bb7 5. Nbd2 d5 6. Ne5 c5 7. c3 Nfd7 8. Ndf3 f6 9. Nxd7 Qxd7 10. 0-0 c4 11. Bc2 Na6 12. Qe2 Be7 13. e4 0-0 14. e5 f5 15. Bf4 Qd8 16. Qd2 h6 17. h4 Qe8 18. g3 Nc7 19. Kg2 b5 20. Rh1 a5 21. Rag1 Qh5 22. Bd1 Qe8 23. h5 Qc6 24. Kf1 Kf7 25. g4 Ke8 26. g5 hxg5 27. Bxg5 Qd7 28. Bf4 Kd8 29. Rxg7 Ne8 30. Rg6 Kc7 31. h6 Kb6 32. Bg5 Rh8 33. Bxe7 Qxe7 34. Qg5 Qf7 35. Rg1 Bc6 36. Nh4 Ra7 37. Bh5 Qe7 38. Qf4 b4 39. Rg8 Rh7 40. Bg6 a4 41. Bxh7 Qxh7 42. a3 bxa3 43. bxa3 Rb7 44. R8g6 Ka5 45. Rxe6 Bd7 46. Reg6 Qe7 47. Nxf5 Qxa3 48. Qf3 Nc7 49. Nd6 Rb8 50. h7 Ne6 51. Qxd5+ Kb6 52. Nxc4+ Ka7 1-0

[Event "NATO-ch 18th"]
[Site "Ankara"]
[Date "2007.09.01"]
[Round "1"]
[White "Bon, Michael"]
[Black "Steffers, Hendrik"]
[Result "1-0"]
[WhiteElo "2245"]
[BlackElo "1987"]
[PlyCount "48"]
[EventDate "2007.09.01"]
[EventType "swiss"]
[EventRounds "7"]
[EventCountry "TUR"]
[SourceTitle "EXT 2008"]
[Source "ChessBase"]
[SourceDate "2007.11.25"]
[SourceVersion "1"]
[SourceVersionDate "2007.11.25"]
[SourceQuality "1"]
[WhiteTeam "France"]
[BlackTeam "Netherlands"]
[WhiteTeamCountry "FRA"]
[BlackTeamCountry "NED"]

1. e4 c5 2. Nf3 e6 3. d4 cxd4 4. Nxd4 a6 5. Bd3 Nf6 6. Qe2 d6 7. 0-0 Nc6 8. Nxc6 bxc6 9. Nd2 e5 10. Nc4 Be7 11. Be3 c5 12. Bg5 0-0 13. Bxf6 Bxf6 14. a4 a5 15. Rad1 Qc7 16. Na3 Bd7 17. Bb5 Be6 18. Rd3 Rab8 19. Rfd1 Be7 20. b3 h6 21. Bc4 Bd7 22. Qh5 Qc8 23. Rg3 Kh8 24. Bxf7 Bg5 1-0

[Event "NATO-ch 17th"]
[Site "Berkshire"]
[Date "2006.08.25"]
[Round "7"]
[White "Pioch, Zygmunt"]
[Black "Steffers, Hendrik"]
[Result "1-0"]
[WhiteElo "2202"]
[BlackElo "1987"]
[PlyCount "79"]
[EventDate "2006.08.21"]
[EventType "swiss"]
[EventRounds "7"]
[EventCountry "ENG"]
[SourceTitle "EXT 2007"]
[Source "ChessBase"]
[SourceDate "2006.11.23"]
[SourceVersion "1"]
[SourceVersionDate "2006.11.23"]
[SourceQuality "1"]

1. e4 c5 2. Nf3 e6 3. d4 cxd4 4. Nxd4 a6 5. Bd3 Nf6 6. 0-0 Qc7 7. Qe2 d6 8. c4 Nc6 9. Nxc6 bxc6 10. Nc3 Be7 11. b3 0-0 12. Bb2 e5 13. Rac1 Bb7 14. Na4 Rad8 15. c5 a5 16. Rfd1 Rfe8 17. h3 Bf8 18. cxd6 Rxd6 19. Kh2 Rdd8 20. Bc4 c5 21. Nc3 Qb8 22. f3 Nh5 23. g3 Nf6 24. Rxd8 Rxd8 25. Rd1 Re8 26. Rd3 h5 27. Qd2 Bc6 28. a4 Qc7 29. Nb5 Bxb5 30. Bxb5 Re6 31. Bc3 h4 32. g4 Qe7 33. Bxa5 Nh7 34. Bd8 Qa7 35. Bxh4 Rh6 36. Rd7 Qb6 37. Bf2 Ng5 38. Qxg5 Qe6 39. Rd8 f6 40. Qxh6 1-0

[Event "NATO-ch 17th"]
[Site "Berkshire"]
[Date "2006.08.24"]
[Round "5"]
[White "Alaslar, Devrim"]
[Black "Steffers, Hendrik"]
[Result "1/2-1/2"]
[WhiteElo "2145"]
[BlackElo "1987"]
[PlyCount "55"]
[EventDate "2006.08.21"]
[EventType "swiss"]
[EventRounds "7"]
[EventCountry "ENG"]
[SourceTitle "EXT 2007"]
[Source "ChessBase"]
[SourceDate "2006.11.23"]
[SourceVersion "1"]
[SourceVersionDate "2006.11.23"]
[SourceQuality "1"]

1. e4 c5 2. Nf3 e6 3. Qe2 Nc6 4. g3 Nd4 5. Nxd4 cxd4 6. Bg2 e5 7. 0-0 Nf6 8. d3 d6 9. Nd2 Be7 10. a4 Be6 11. f4 Qc7 12. f5 Bd7 13. Nc4 h5 14. c3 dxc3 15. bxc3 b5 16. axb5 Bxb5 17. Na3 Bd7 18. c4 Rb8 19. Kh1 Ng4 20. Nc2 a5 21. Bf3 Nf6 22. Ne3 a4 23. Ba3 Rb3 24. Qd2 Qb8 25. Bd1 Rb7 26. Bf3 Rb3 27. Bd1 Rb7 28. Bf3 1/2-1/2

[Event "NATO-ch 17th"]
[Site "Berkshire"]
[Date "2006.08.24"]
[Round "6"]
[White "Steffers, Hendrik"]
[Black "Marquinez Cabrejas, Francisco Javier"]
[Result "0-1"]
[WhiteElo "1987"]
[BlackElo "2137"]
[PlyCount "90"]
[EventDate "2006.08.21"]
[EventType "swiss"]
[EventRounds "7"]
[EventCountry "ENG"]
[SourceTitle "EXT 2007"]
[Source "ChessBase"]
[SourceDate "2006.11.23"]
[SourceVersion "1"]
[SourceVersionDate "2006.11.23"]
[SourceQuality "1"]

1. d4 Nf6 2. Nf3 g6 3. Nc3 d5 4. Bf4 Bg7 5. e3 0-0 6. Be2 e6 7. Ne5 Nfd7 8. h4 f6 9. Nd3 c6 10. Qd2 e5 11. dxe5 fxe5 12. Bg3 a5 13. h5 g5 14. h6 Bf6 15. f4 d4 16. fxe5 dxc3 17. Qxc3 Be7 18. Qc4+ Kh8 19. Qc3 Na6 20. a3 Nc7 21. 0-0-0 Nd5 22. Qd4 Qb6 23. Rdf1 Nxe3 24. Rxf8+ Bxf8 25. Qe4 Nd5 26. Bf2 Qd8 27. Bd4 Be7 28. Kb1 Kg8 29. Rf1 Nf8 30. c4 Nc7 31. Nc5 Nce6 32. Nxe6 Bxe6 33. Bd3 Ng6 34. Rf6 Bxf6 35. exf6 Kf7 36. Qe3 Qd7 37. Bc3 g4 38. Bc2 Bf5 39. Bxf5 Qxf5+ 40. Ka2 Qe6 41. Qb6 Qd7 42. Qc5 Qc7 43. Qg5 Qf4 44. Qc5 a4 45. Qb4 b5 0-1

[Event "NATO-ch 17th"]
[Site "Berkshire"]
[Date "2006.08.22"]
[Round "2"]
[White "Steffers, Hendrik"]
[Black "L'Henoret, Thierry"]
[Result "0-1"]
[WhiteElo "1987"]
[BlackElo "2118"]
[PlyCount "62"]
[EventDate "2006.08.21"]
[EventType "swiss"]
[EventRounds "7"]
[EventCountry "ENG"]
[SourceTitle "EXT 2007"]
[Source "ChessBase"]
[SourceDate "2006.11.23"]
[SourceVersion "1"]
[SourceVersionDate "2006.11.23"]
[SourceQuality "1"]

1. d4 Nf6 2. Nf3 g6 3. Nc3 d5 4. Bf4 Bg7 5. e3 0-0 6. Be2 c5 7. Nb5 Nh5 8. Bc7 Qe8 9. Ne5 f6 10. g4 fxe5 11. gxh5 a6 12. Nc3 cxd4 13. exd4 Qf7 14. f3 exd4 15. Na4 Nd7 16. h6 Bf6 17. Qd2 Bh4+ 18. Bg3 Bxg3+ 19. hxg3 b5 20. Qxd4 bxa4 21. Qxa4 Nf6 22. Qd4 a5 23. f4 Bg4 24. Bxg4 Nxg4 25. 0-0-0 e6 26. Rde1 Qf6 27. Qc5 Rab8 28. c3 Rfc8 29. Qa7 Rxc3+ 30. Kd1 Rxb2 31. Rxe6 Rd3+ 0-1

[Event "NATO-ch 17th"]
[Site "Berkshire"]
[Date "2006.08.21"]
[Round "1"]
[White "Victoria, Narciso"]
[Black "Steffers, Hendrik"]
[Result "1-0"]
[WhiteElo "2194"]
[BlackElo "1987"]
[PlyCount "77"]
[EventDate "2006.08.21"]
[EventType "swiss"]
[EventRounds "7"]
[EventCountry "ENG"]
[SourceTitle "EXT 2007"]
[Source "ChessBase"]
[SourceDate "2006.11.23"]
[SourceVersion "1"]
[SourceVersionDate "2006.11.23"]
[SourceQuality "1"]

1. d4 d5 2. c4 e6 3. Nc3 Nf6 4. Bg5 Be7 5. Nf3 Nbd7 6. e3 c6 7. cxd5 exd5 8. Bd3 h6 9. Bh4 Qb6 10. a3 c5 11. Bxf6 Nxf6 12. Bb5+ Kf8 13. 0-0 c4 14. Ne5 Bf5 15. Qf3 Qe6 16. Nxd5 Be4 17. Nxf6 gxf6 18. Qxe4 fxe5 19. dxe5 Rc8 20. Rac1 Rc5 21. Bxc4 Qxe5 22. Qxb7 Rg8 23. b4 Rc7 24. Qd5 Qf6 25. Rfd1 Rg5 26. Qa8+ Kg7 27. f4 Rg4 28. Qf3 Rg6 29. Bd3 Rxc1 30. Rxc1 Qb2 31. Rb1 Qxa3 32. Bxg6 fxg6 33. Qe4 Bf8 34. h3 Qa4 35. Qd4+ Kh7 36. Ra1 Qxb4 37. Rxa7+ Kg8 38. Qd5+ Kh8 39. Qf7 1-0

[Event "NATO-ch 14th"]
[Site "Hoevelte"]
[Date "2003.09.08"]
[Round "1"]
[White "Helbig, Mark"]
[Black "Steffers, Hendrik"]
[Result "1-0"]
[WhiteElo "2239"]
[BlackElo "2039"]
[PlyCount "71"]
[EventDate "2003.09.08"]
[EventType "swiss"]
[EventRounds "7"]
[EventCountry "DEN"]
[SourceTitle "CBM 096 Extra"]
[Source "ChessBase"]
[SourceDate "2003.10.22"]
[SourceVersion "2"]
[SourceVersionDate "2003.10.20"]
[SourceQuality "1"]

1. d4 Nf6 2. c4 e6 3. Nf3 d5 4. Nc3 c6 5. Bg5 Be7 6. e3 Nbd7 7. cxd5 Nxd5 8. Bxe7 Qxe7 9. e4 Nxc3 10. bxc3 e5 11. Bd3 exd4 12. cxd4 Qb4+ 13. Qd2 Qxd2+ 14. Nxd2 0-0 15. 0-0 Nf6 16. h3 Rd8 17. Nf3 Be6 18. a4 h6 19. a5 Rac8 20. Rfc1 g5 21. Rab1 Rb8 22. a6 g4 23. hxg4 bxa6 24. Rxb8 Rxb8 25. Rxc6 Nxg4 26. d5 Bd7 27. Rc7 Bb5 28. Bxb5 Rxb5 29. g3 Kf8 30. d6 Ke8 31. Re7+ Kd8 32. Rxf7 Rb1+ 33. Kg2 Rb2 34. Nd4 Ne5 35. Ne6+ Ke8 36. Re7# 1-0

[Event "NATO-ch 13th"]
[Site "Brest"]
[Date "2002.10.08"]
[Round "2.39"]
[White "Steffers, Hendrik"]
[Black "Stuhr, Finn"]
[Result "1-0"]
[WhiteElo "1927"]
[BlackElo "1620"]
[PlyCount "121"]
[EventDate "2002.10.07"]
[EventType "swiss"]
[EventRounds "7"]
[EventCountry "FRA"]
[SourceTitle "EXT 2003"]
[Source "ChessBase"]
[SourceDate "2002.11.25"]
[SourceVersion "1"]
[SourceVersionDate "2002.11.25"]
[SourceQuality "1"]

1. d4 Nf6 2. Nf3 b6 3. c4 Bb7 4. e3 e6 5. Nc3 d5 6. Be2 Be7 7. 0-0 0-0 8. Ne5 c5 9. f4 Qc7 10. Nb5 Qc8 11. b3 a6 12. Nc3 Rd8 13. Na4 Qc7 14. Bb2 Ne4 15. Rc1 f6 16. Nf3 Bc6 17. Nc3 Nxc3 18. Bxc3 Qb7 19. Qc2 Nd7 20. Bd3 Nf8 21. f5 Qc8 22. Rce1 Ra7 23. fxe6 dxc4 24. bxc4 b5 25. Kh1 bxc4 26. Bxc4 Bb5 27. Bxb5 axb5 28. dxc5 Qxe6 29. Qb3 Rxa2 30. Qxb5 Kh8 31. Bd4 Nd7 32. c6 Rb8 33. Qd3 Qxc6 34. Rc1 Qe6 35. Qc4 Qxc4 36. Rxc4 h6 37. Rc7 Rd8 38. Nh4 Bd6 39. Rb7 Kh7 40. Nf5 Bf8 41. h3 Ra5 42. g4 Ra2 43. Ra1 Rc2 44. Rb2 Rdc8 45. Raa2 Rc1+ 46. Kg2 Nc5 47. Rc2 Ne6 48. Rxc8 Rxc8 49. Ra7 Rc2+ 50. Kg3 Kh8 51. Ra8 Kh7 52. Ra7 Kg8 53. h4 g6 54. Ne7+ Bxe7 55. Rxe7 Nxd4 56. exd4 Rd2 57. Rd7 Re2 58. Kf3 Re1 59. h5 f5 60. d5 Rf1+ 61. Kg2 1-0

[Event "NATO-ch 13th"]
[Site "Brest"]
[Date "2002.10.??"]
[Round "3.18"]
[White "Mottais, Francois"]
[Black "Steffers, Hendrik"]
[Result "1-0"]
[WhiteElo "2180"]
[BlackElo "1927"]
[PlyCount "61"]
[EventDate "2002.10.07"]
[EventType "swiss"]
[EventRounds "7"]
[EventCountry "FRA"]
[SourceTitle "EXT 2003"]
[Source "ChessBase"]
[SourceDate "2002.11.25"]
[SourceVersion "1"]
[SourceVersionDate "2002.11.25"]
[SourceQuality "1"]

1. d4 Nf6 2. c4 e6 3. Bg5 d5 4. Nc3 c6 5. e3 Nbd7 6. cxd5 exd5 7. Bd3 Be7 8. Nf3 Ne4 9. Bxe7 Qxe7 10. Qc2 Ndf6 11. 0-0 Nxc3 12. bxc3 0-0 13. Ne5 h6 14. f4 Ng4 15. Rf3 Nxe5 16. fxe5 Be6 17. Raf1 Qh4 18. Qb3 b6 19. Bb1 Qh5 20. Qc2 g6 21. Rf6 Rae8 22. Qf2 Bf5 23. Bxf5 gxf5 24. Rxf5 Qg6 25. Rf6 Qh5 26. h4 c5 27. Qf4 Kg7 28. Rf5 Qg6 29. h5 Qc6 30. Rf6 Re6 31. Rxf7+ 1-0